| 000 | 00730nam a22002057a 4500 | ||
|---|---|---|---|
| 999 |
_c1025 _d1025 |
||
| 003 | AR-CdUCM | ||
| 008 | 190226b ||||| |||| 00| 0 spa d | ||
| 020 | _a8472321789 | ||
| 040 |
_aMUNICIPALIDAD PROVINCIAL DEL CUSCO _cBIBLIOTECA MUNICIPAL DEL CUSCO |
||
| 082 |
_a869.0295 / _bP75 |
||
| 100 |
_aPolo Barrena, Juan Víctor _93990 |
||
| 245 | _aLa delicada y exquisita desaparición de un hombre / | ||
| 260 |
_aMadrid : _bEdiciones Cultura Hispánica, _c1978. |
||
| 300 |
_a75 páginas ; _c22 cm. |
||
| 500 | _aTexto ganador del VII Premio Tirso de Molina otorgado por el Centro Iberoamericano de Cooperación. | ||
| 650 |
_aTeatro español _9648 |
||
| 650 |
_aTeatro siglo XX _92960 |
||
| 942 |
_2ddc _cLIBROS |
||
| 945 | _azta | ||